000 00377nam a22001457a 4500
082 _aM1
_bSAK/T
100 _aSakunthala C
_9158152
245 _aThennellikka/
_cby Sakunthala C
260 _aEdappal:
_bPusthakasadass,
_c2007.
300 _a79p.
650 _aPoetry Malayalam
_9158153
650 _aLiterature Malayalam
_9158154
650 _aLiterature
_9158155
942 _cBK
999 _c141913
_d141913